MARC

LEADER 00000nam a2200000 a 4500
001 UCJ3887
003 CL-VaPUC
008 070124e19320000CL |||||||||||||||||spa|d
082 0 4 |a 983  |b VIC  |2 21 
100 |a Orrego Vicuña, Eugenio  |e autor  |9 444141 
245 1 0 |a Vicuña Mackenna, vida y trabajos 
250 |a 1a. ed 
300 |a 517 p 
942 |c BK 
945 |d 20070124 00:00:00  |a rinostro 
260 |a Santiago  |b Prensas de la Universidad de Chile  |c 1932 
500 |a Fotografías de Vicuña Mackenna 
500 |a Si bien el autor es Orrego, en la signatura topográfica se ha colocado VIC; esto con el objeto de mantener reunidas las obras del historiador con aquellas dedicadas a su estudio y crítica 
600 0 |a Mackenna O'Reilly, Juan,  |d 1771-1814  |9 516760 
600 0 7 |a VICUÑA, FRANCISCO RAMON  |2 CL-VaPUC  |9 443909 
600 0 7 |a VICUÑA, PEDRO FELIX  |2 CL-VaPUC  |9 315183 
600 0 7 |a DIARIO EL MERCURIO  |2 CL-VaPUC  |9 506409 
600 0 7 |a MACKENNA, CARMEN  |2 CL-VaPUC  |9 506410 
600 0 7 |a BELLO, ANDRES  |2 CL-VaPUC  |9 506411 
600 0 |a Montt Torres, Manuel,  |d 1809-1880  |9 313788 
600 0 7 |a CARVACHO, JOAQUIN  |2 CL-VaPUC  |9 506412 
600 0 7 |a O'HIGGINS, DEMETRIO  |2 CL-VaPUC  |9 506413 
600 0 7 |a RODRIGUEZ, FRANCISCO DE PAULA  |2 CL-VaPUC  |9 506414 
600 0 |a Pérez, José Joaquín   |9 315171 
600 0 7 |a SUBERCASEAUX VICUÑA, VICTORIA  |2 CL-VaPUC  |9 506415 
600 0 7 |a SOCIEDAD PROTECTORA DE ANIMALES  |2 CL-VaPUC  |9 506416 
650 0 |a Historiografía   |9 257871 
650 7 |a BIOGRAFIA  |2 CL-VaPUC  |9 504622 
650 0 |a Crítica literaria   |9 269189 
650 7 |a BIBLIOGRAFIA  |2 CL-VaPUC  |9 256175 
650 0 |a Periodismo   |9 310113 
650 0 |a Partidos políticos  |9 254999 
650 0 |a Presidentes de Chile  |9 268293 
650 0 |a Iconografía   |9 267998 
650 7 |a REVOLUCION DE 1851  |2 CL-VaPUC  |9 315200 
650 7 |a GUERRA CON ESPAÑA  |2 CL-VaPUC  |9 504456 
650 0 |a Diplomacia  |9 256483 
650 7 |a DOCTRINA MONROE  |2 CL-VaPUC  |9 314895 
650 7 |a PANAMERICANISMO  |2 CL-VaPUC  |9 316147 
650 7 |a DESARROLLO URBANO  |2 CL-VaPUC  |9 506417 
650 0 |a Guerra del Pacífico  |9 314886 
650 0 |a Límites con Argentina  |9 504170 
650 0 |a Historia de Chile  |9 265473 
651 0 |a Santiago  |9 265444 
651 7 |a CERRO SANTA LUCIA  |2 CL-VaPUC  |9 344712 
651 7 |a RIO MAPOCHO  |2 CL-VaPUC  |9 506418 
583 |a last modification  |c 20070124 00:00:00  |k Rodrigo Vera 
999 |c 320006  |d 320004 
952 |0 0  |1 0  |4 0  |6 983_000000000000000_VIC_1932  |7 0  |8 X  |9 398439  |a FDOBUD  |b FDOBUD  |d 2019-11-22  |i 101045K  |o 983 VIC 1932  |p 101045K  |r 2019-11-22  |w 2019-11-22  |y BK_X  |k BUD